| 000 | 00662nam a2200193Ia 4500 | ||
|---|---|---|---|
| 003 | GCL | ||
| 008 | 140319s9999 xx 000 0 ara d | ||
| 040 |
_aGCL / _cGCL |
||
| 082 | 0 | 4 |
_aد _b050 _bد هـ |
| 245 | 1 | 0 | _aد.احمد مستجير العالم والجائزة ( الهلال اغسطس 2002 ) |
| 260 |
_aالقاهرة : _bدار الهلال للطباعة والنشر ، _c2002 |
||
| 650 | 0 | 4 | _aالشعر العربى |
| 650 | 0 | 4 | _aالشعراء العرب |
| 650 | 0 | 4 | _aالقصة العربية |
| 650 | 0 | 4 | _aالثقافة العربية |
| 650 | 0 | 4 | _aالجامعات المفتوحة |
| 650 | 0 | 4 | _aاحمد مستجير |
| 942 |
_2ddc _cCR |
||
| 999 |
_c6711 _d6711 |
||